Poskytovanie benefitov - vzdelávanie a doškoľovanie zamestnancov

Poskytovanie benefitov zamestnancom v súvislosti s ich vzdelávaním. Zvýšenie kvalifikácie v súlade s potrebou zamestnávateľa. Uzatvorenie dohody so zamestnancom. Plnenia na vzdelávanie a rekvalifikáciu u zamestnanca - zdaniteľný príjem alebo príjem oslobodený od dane. Výdavky vynaložené zamestnávate...

Ausführliche Beschreibung

Gespeichert in:
Bibliographische Detailangaben
1. Verfasser: Boráková, Marta
Format: Buchkapitel
Sprache:Slowakisch
Schlagworte:
Tags: Tag hinzufügen
Keine Tags, Fügen Sie das erste Tag hinzu!

MARC

LEADER 00000naa a2200000 4500
001 0247101
005 20180823110318.3
041 0 |a slo 
044 |a SK 
245 1 0 |a Poskytovanie benefitov - vzdelávanie a doškoľovanie zamestnancov  |c Marta Boráková 
520 |a Poskytovanie benefitov zamestnancom v súvislosti s ich vzdelávaním. Zvýšenie kvalifikácie v súlade s potrebou zamestnávateľa. Uzatvorenie dohody so zamestnancom. Plnenia na vzdelávanie a rekvalifikáciu u zamestnanca - zdaniteľný príjem alebo príjem oslobodený od dane. Výdavky vynaložené zamestnávateľom na vzdelávanie zamestnancov. Praktické príklady. 
610 2 0 |a benefity 
610 2 0 |a vzdelávanie 
610 2 0 |a zvyšovanie kvalifikácie 
610 2 0 |a rekvalifikácia 
610 2 0 |a výdavky 
610 2 0 |a zamestnávatelia 
610 2 0 |a zamestnanci 
610 2 0 |a zdaňovanie 
610 2 0 |a dane z príjmov 
610 2 0 |a oslobodenie od daní 
100 1 |a Boráková, Marta